隣接国が一つの国 - Statistics

General Stats
  • This quiz has been taken 904 times
  • The average score is 11 of 17
Answer Stats
% Correct
韓国
92%
カナダ
89%
レソト
83%
バチカン
81%
ポルトガル
78%
アイルランド
77%
サンマリノ
74%
イギリス
70%
デンマーク
66%
パプアニューギニア
60%
ブルネイ
58%
東ティモール
58%
ドミニカ共和国
56%
ハイチ
55%
モナコ
52%
カタール
51%
ガンビア
43%
No matching quizzes found
Score Distribution
Percent of People with Each Score
Percentile by Number Answered
Your Score History
You have not taken this quiz